000 00565nam a2200157Ia 4500
003 GCL
008 140319s9999 xx 000 0 eng d
040 _aGCL /
_cGCL
082 0 4 _a342.73029
_bC W
245 1 0 _aWE THE PEOPLE :
_bTHE COMMISSION ON THE BICENTENNIAL OF THE UNITED STATES CONSTITUTION, 1985 - 1992 : FINAL REPORT
260 _a[S.N] :
_bUNITED STATES RESEARCH INSTITUTE FOR SOC ،
_c1998
300 _a31 CM ؛
_cXX1, 326 P
650 0 4 _aUNITED STATES - CONSTITUTIONAL BICENTENNIAL
650 0 4 _aUNITED STATES - CONSTITUTION HISTORY
942 _2ddc
_cBK
999 _c4736
_d4736